Zvyšovanie bezpečnosti na cestách pre nemotorové dopravné prostriedky
Salvato in:
| Autore principale: | |
|---|---|
| Altri autori: | |
| Natura: | Manoscritto Libro |
| Lingua: | slovacco |
| Pubblicazione: |
2024
|
| Soggetti: | |
| Accesso online: | http://is.stuba.sk/zp/portal_zp.pl?podrobnosti=168909 |
| Tags: |
Nessun Tag, puoi essere il primo ad aggiungerne!!
|
MARC
| LEADER | 00000ntm a22000003a 4500 | ||
|---|---|---|---|
| 001 | stuzp96988 | ||
| 003 | SK-STU | ||
| 005 | 20240615210551.5 | ||
| 007 | ta | ||
| 008 | 150427s2015----xo-----f-mn---000-0-slo-d | ||
| 040 | |a STU |b slo | ||
| 041 | 0 | |a slo | |
| 100 | 1 | |a Darovec, Michal |u 070400 |4 aut |U FIIT Fakulta informatiky a informačných technológií |T FIIT Ústav počítačového inžinierstva a aplikovanej informatiky |X 116163 |U I400 |Y 672 |7 116163 | |
| 242 | 0 | 1 | |a Increasing road safety for non-motorised vehicles |y eng |
| 245 | 1 | 0 | |a Zvyšovanie bezpečnosti na cestách pre nemotorové dopravné prostriedky |
| 260 | |c 2024 | ||
| 650 | 4 | |a hardvérové zariadenie |2 slo | |
| 650 | 4 | |a mobilná aplikácia |2 slo | |
| 650 | 4 | |a sieťová komunikácia |2 slo | |
| 650 | 4 | |a bezpečnosť cyklistov |2 slo | |
| 650 | 4 | |a hardware device |2 eng | |
| 650 | 4 | |a cyclist safety |2 eng | |
| 650 | 4 | |a mobile application |2 eng | |
| 650 | 4 | |a traffic monitoring |2 eng | |
| 700 | 1 | |a Bencel, Rastislav |u 070400 |k Z1 |4 ths |U FIIT Fakulta informatiky a informačných technológií |T FIIT Ústav počítačového inžinierstva a aplikovanej informatiky |X 64492 |U I400 |Y 672 |7 64492 | |
| 856 | 4 | |u http://is.stuba.sk/zp/portal_zp.pl?podrobnosti=168909 | |